Beyond the bottom line : Putting social responsibility to work for your business and the world

שמור ב:
מידע ביבליוגרפי
מחבר ראשי: Makower, Joel
פורמט: ספר
שפה:Undetermined
יצא לאור: New York Simon and Schuster 1994
נושאים:
תגים: הוספת תג
אין תגיות, היה/י הראשונ/ה לתייג את הרשומה!
Thư viện lưu trữ: Trung tâm Học liệu Trường Đại học Cần Thơ
LEADER 00631nam a2200205Ia 4500
001 CTU_99248
008 210402s9999 xx 000 0 und d
082 |a 658.408 
082 |b M235 
100 |a Makower, Joel 
245 0 |a Beyond the bottom line : 
245 0 |b Putting social responsibility to work for your business and the world 
245 0 |c Joel Makower 
260 |a New York 
260 |b Simon and Schuster 
260 |c 1994 
650 |a Social responsibility of business,Success in business 
650 |z United states,United states 
904 |i Truc 
980 |a Trung tâm Học liệu Trường Đại học Cần Thơ